000 00742nam a22002417a 4500
003 OSt
005 20260530113912.0
008 260505b1972 enka|||| |||| 00| 0 eng d
020 _a0262730324
040 _aICI
_bspa
_cICI
041 _aeng
100 1 _aWurman, Richard Saul,
_d1935-
_933542
245 1 0 _aInformation anxiety /
_cRichard Saul Wurman.
260 _aCambridge, Mass. :
_bMIT Press,
_c1989.
300 _a94 páginas :
650 4 _aAnsiedad por la información
_933543
650 4 _aSobrecarga de información
_933544
650 4 _aComunicación
_9299
650 4 _aProcesamiento de la información
_933545
650 4 _aSociedad de la información
_933546
700 _aWurman, Richard Saul.
_933547
942 _2lcc
_cBK
_n1
999 _c12162
_d12162